000 00498nam a2200181Ia 4500
999 _c27888
_d27888
003 OSt
005 20201231125020.0
008 190216s9999||||xx |||||||||||||| ||und||
020 _a8171302335
040 _coclc
082 _a894.812301
_bPAD/N
100 _aPadmanabhan, T
_97032
245 0 _aNalinakaanthi /
_cT Padmanabhan
260 _bDc Books,
_aKottayam:
_c2000.
300 _a107p
650 _aKathakal
942 _cBK
_2ddc
_h894.812301
_iPAD/N
_k894.812301
_mPAD/N